[Event "Paladins Ken Philips op"]
[Site "Port of Spain"]
[Date "2021.10.30"]
[Round "4"]
[White "Hernandez Mora, Ulises Jose"]
[Black "Villasmil Rios, Hildemaro Andres"]
[Result "0-1"]
[WhiteElo "1772"]
[BlackElo "1875"]
[PlyCount "66"]
[EventDate "2021.10.30"]
[EventType "swiss"]
[EventRounds "6"]
[EventCountry "TRI"]
[SourceTitle "EXT 2023"]
[Source "ChessBase"]
[SourceDate "2022.10.05"]
[SourceVersion "1"]
[SourceVersionDate "2022.10.05"]
[SourceQuality "1"]

1. d4 Nf6 2. c4 g6 3. Nc3 d5 4. cxd5 Nxd5 5. e4 Nxc3 6. bxc3 Bg7 7. Bc4 0-0 8. Ne2 c5 9. 0-0 Nc6 10. Be3 Qa5 11. Bb3 Rd8 12. Rc1 a6 13. h3 e6 14. d5 exd5 15. Bxd5 Be6 16. Qb3 Bxd5 17. exd5 Ne5 18. Qxb7 Rab8 19. Qa7 Bf8 20. Rb1 Rxb1 21. Rxb1 Qxa2 22. Qb6 Rd6 23. Qb8 Nd7 24. Nc1 Qxd5 25. Qc8 Qe4 26. Rb7 Rd1+ 27. Kh2 Qe5+ 28. g3 Qe4 29. g4 Rh1+ 30. Kg3 Ne5 31. Rxf7 Kxf7 32. Qc7+ Be7 33. Bxc5 Qf3# 0-1

[Event "Paladins Ken Philips op"]
[Site "Port of Spain"]
[Date "2021.10.30"]
[Round "3"]
[White "Villasmil Rios, Hildemaro Andres"]
[Black "Harper, Ryan"]
[Result "1/2-1/2"]
[WhiteElo "1875"]
[BlackElo "2184"]
[PlyCount "90"]
[EventDate "2021.10.30"]
[EventType "swiss"]
[EventRounds "6"]
[EventCountry "TRI"]
[SourceTitle "EXT 2023"]
[Source "ChessBase"]
[SourceDate "2022.10.05"]
[SourceVersion "1"]
[SourceVersionDate "2022.10.05"]
[SourceQuality "1"]

1. e4 e5 2. Nf3 Nc6 3. Bc4 Nf6 4. Ng5 d5 5. exd5 Na5 6. Bb5+ c6 7. dxc6 bxc6 8. Be2 h6 9. Nf3 e4 10. Ne5 Qd4 11. Ng4 Nxg4 12. Bxg4 e3 13. Bxc8 exf2+ 14. Kf1 Rxc8 15. Qe2+ Be7 16. Qxf2 Qg4 17. Nc3 0-0 18. Qf3 Qg6 19. d3 Rfd8 20. Be3 Rd6 21. Ne4 Rd5 22. Ke2 f5 23. Nc3 Re5 24. Kf2 f4 25. Bd4 Bh4+ 26. Kf1 Re7 27. Qh3 Rce8 28. Qxh4 Nc4 29. Qf2 Ne3+ 30. Bxe3 fxe3 31. Qg3 e2+ 32. Ke1 Qf6 33. Kd2 Qd4 34. Rae1 Re3 35. Rxe2 Rxg3 36. Rxe8+ Kf7 37. hxg3 Kxe8 38. Re1+ Kd8 39. Re3 Kc8 40. b3 Qb4 41. a4 h5 42. Re4 Qa5 43. Re3 Qb4 44. Re4 Qa5 45. Re3 Qb4 1/2-1/2

[Event "Híbrido del Sur op U2200 2nd"]
[Site "Tornelo INT"]
[Date "2021.10.08"]
[Round "1"]
[White "Villasmil Rios, Hildemaro Andres"]
[Black "Jimenez Rodriguez, Abraham Isaias"]
[Result "1-0"]
[WhiteElo "1875"]
[BlackElo "1700"]
[PlyCount "61"]
[EventDate "2021.10.08"]
[EventType "swiss"]
[EventRounds "6"]
[EventCountry "VEN"]
[SourceTitle "EXT 2023"]
[Source "ChessBase"]
[SourceDate "2022.10.05"]
[SourceVersion "1"]
[SourceVersionDate "2022.10.05"]
[SourceQuality "1"]

1. g3 d5 2. Bg2 e5 3. d4 e4 4. c4 c6 5. Nc3 Bb4 6. Bd2 Bxc3 7. Bxc3 f5 8. e3 Nf6 9. b3 0-0 10. Nh3 Nbd7 11. Nf4 g5 12. Ne6 Qe7 13. Nxf8 Qxf8 14. h4 g4 15. Qd2 h5 16. 0-0 Qg7 17. Rfc1 Qf7 18. Bf1 Nb6 19. Ba5 Be6 20. Bxb6 axb6 21. Qb4 Qc7 22. a4 Kf7 23. Qc3 Kg6 24. Rc2 Ng8 25. Rca2 Qd7 26. a5 dxc4 27. bxc4 b5 28. a6 bxa6 29. Rxa6 Rxa6 30. Rxa6 Qb7 31. cxb5 1-0

[Event "Híbrido del Sur op U2200 2nd"]
[Site "Tornelo INT"]
[Date "2021.10.08"]
[Round "5"]
[White "Villasmil Rios, Hildemaro Andres"]
[Black "Maravi Ceron, Jhon Julio"]
[Result "0-1"]
[WhiteElo "1875"]
[BlackElo "1773"]
[PlyCount "116"]
[EventDate "2021.10.08"]
[EventType "swiss"]
[EventRounds "6"]
[EventCountry "VEN"]
[SourceTitle "EXT 2023"]
[Source "ChessBase"]
[SourceDate "2022.10.05"]
[SourceVersion "1"]
[SourceVersionDate "2022.10.05"]
[SourceQuality "1"]

1. e4 e6 2. d4 d5 3. exd5 exd5 4. h3 Bd6 5. Qf3 Ne7 6. Bd3 Be6 7. Ne2 Qd7 8. Bf4 Bxf4 9. Nxf4 Bf5 10. 0-0 0-0 11. Nd2 Bxd3 12. Nxd3 c6 13. Rae1 Ng6 14. Re2 Na6 15. Rfe1 Rfe8 16. Qg4 Red8 17. Qxd7 Rxd7 18. Re8+ Rxe8 19. Rxe8+ Nf8 20. Ra8 b6 21. a4 f6 22. a5 bxa5 23. Nb3 Kf7 24. Nxa5 Rc7 25. c3 Ne6 26. b4 Ng5 27. f3 Ke6 28. Kf2 Nf7 29. Nb3 Nd6 30. Nbc1 Nb5 31. Ne2 Kf7 32. h4 Re7 33. Rc8 Nac7 34. Nc5 Re8 35. Rxe8 Nxe8 36. Ke3 Ned6 37. g4 h6 38. h5 Nc4+ 39. Kf4 Nd2 40. Nb7 Ke7 41. Nc5 Nb1 42. Kf5 N1xc3 43. Nxc3 Nxc3 44. Kg6 Ne2 45. Kxg7 Nxd4 46. Kxh6 Kf7 47. f4 Ne2 48. Nd3 d4 49. g5 Ng3 50. Kh7 fxg5 51. fxg5 Nxh5 52. g6+ Kf6 53. Kh6 Ng7 54. Nf4 Nf5+ 55. Kh7 Ke5 56. Ng2 d3 57. Ne3 Nxe3 58. g7 Ng4 0-1

[Event "Hibrido del Sur op U2200"]
[Site "Porlamar"]
[Date "2021.08.27"]
[Round "2"]
[White "Villasmil Rios, Hildemaro Andres"]
[Black "Sozoranga Barahona, Jordy Alexander"]
[Result "1/2-1/2"]
[WhiteElo "1875"]
[BlackElo "1315"]
[PlyCount "221"]
[EventDate "2021.08.27"]
[EventType "swiss"]
[EventRounds "7"]
[EventCountry "VEN"]
[SourceTitle "EXT 2023"]
[Source "ChessBase"]
[SourceDate "2022.10.05"]
[SourceVersion "1"]
[SourceVersionDate "2022.10.05"]
[SourceQuality "1"]

1. e4 e5 2. Nf3 Nf6 3. Nc3 Nc6 4. Bc4 Nxe4 5. Bxf7+ Kxf7 6. Nxe4 d5 7. Ng3 Bc5 8. d3 h6 9. 0-0 Rf8 10. c3 Bd6 11. Re1 Kg8 12. b4 a6 13. Qb3 Be6 14. d4 e4 15. Nxe4 Bf7 16. Nxd6 Qxd6 17. Ba3 b5 18. Re3 Rae8 19. Rae1 Qd7 20. Bc1 Kh8 21. Ne5 Nxe5 22. Rxe5 c6 23. Qc2 Rxe5 24. Rxe5 Re8 25. Rxe8+ Qxe8 26. Be3 Bg6 27. Qd1 Kg8 28. h3 Qe4 29. Kh2 Kf7 30. a4 Qc2 31. Qxc2 Bxc2 32. a5 Kf6 33. Kg3 h5 34. h4 Kf5 35. f3 g6 36. Bh6 Bb1 37. Kf2 Bd3 38. Ke3 Bf1 39. Kf2 Bd3 40. Be3 Bc4 41. Kg1 Bd3 42. Kh2 Be2 43. Kh3 Bf1 44. Bd2 Kf6 45. Bh6 Kf5 46. Bg5 Ke6 47. Kg3 Kf5 48. Bd8 Bd3 49. Kf2 Bc4 50. Kg1 Be2 51. Kh2 Bd3 52. Bc7 Be2 53. Be5 Bd3 54. Kh3 Bf1 55. Bh8 Be2 56. Bg7 Bf1 57. Bh6 Be2 58. Bg5 Bf1 59. Kg3 Be2 60. Kf2 Bd3 61. g3 Bc4 62. Ke3 Bf1 63. Kf2 Bc4 64. Be7 Bd3 65. Ke3 Bc4 66. Bd8 Bf1 67. Kd2 Bc4 68. Ke1 Bd3 69. Bc7 Bc4 70. Kf2 Bd3 71. Kg1 Be2 72. Kg2 Bc4 73. Kh3 Bf1+ 74. Kh2 Be2 75. Kg2 Bc4 76. Kf2 Bd3 77. Be5 Bc4 78. Bf4 Bd3 79. Bd2 Bc4 80. Ke3 Bf1 81. Be1 Bc4 82. Bf2 Bf1 83. Bg1 Bc4 84. Kd2 Bf1 85. Ke1 Bd3 86. Kf2 Bc4 87. Kg2 Bd3 88. Bf2 Be2 89. Be3 Bd3 90. Kf2 Bc4 91. Ke1 Bd3 92. Kd2 Bf1 93. Bg5 Bc4 94. Ke3 Bf1 95. Bd8 Bc4 96. Kd2 Bb3 97. Bc7 Bc4 98. Bb6 Bf1 99. Ke3 Bc4 100. Bc5 Bb3 101. Bf8 Bd1 102. Bh6 Bb3 103. Bf8 Bc4 104. Be7 Bf1 105. Bd8 Bc4 106. Kd2 Bb3 107. Bc7 Bc4 108. Ke1 Bd3 109. Kf2 Bc4 110. Kg2 Be2 111. Bb8 1/2-1/2

[Event "Porlamar Cup La Nueva Conferry 1st"]
[Site "Porlamar"]
[Date "2016.08.26"]
[Round "3.4"]
[White "Hernandez Mora, Ulises Jose"]
[Black "Villasmil Rios, Hildemaro Andres"]
[Result "1/2-1/2"]
[WhiteElo "1617"]
[BlackElo "1878"]
[PlyCount "73"]
[EventDate "2016.08.25"]
[EventType "swiss"]
[EventRounds "7"]
[EventCountry "VEN"]
[SourceTitle "EXT 2022"]
[Source "ChessBase"]
[SourceDate "2021.10.06"]
[SourceVersion "1"]
[SourceVersionDate "2021.10.06"]
[SourceQuality "1"]

1. d4 Nf6 2. c4 g6 3. Nc3 d5 4. cxd5 Nxd5 5. e4 Nxc3 6. bxc3 Bg7 7. Nf3 c5 8. Be3 Nc6 9. Be2 Qa5 10. Qd2 0-0 11. 0-0 cxd4 12. Nxd4 Rd8 13. Rfd1 Bd7 14. Qb2 b6 15. Rac1 Rac8 16. Rc2 Nxd4 17. cxd4 Rxc2 18. Qxc2 Ba4 19. Qc7 Re8 20. Bd2 Bxd1 21. Bxa5 Bxe2 22. Bb4 Bg4 23. Qf4 Rc8 24. Bd2 Rc2 25. h3 Bc8 26. e5 Rxa2 27. d5 Rxd2 28. Qxd2 Bxe5 29. Qb4 Bd6 30. Qa4 Bb7 31. Qxa7 Bxd5 32. Qxb6 Be6 33. f3 h6 34. g4 Kh7 35. Kg2 f6 36. Qd8 Ba3 37. h4 1/2-1/2

[Event "Porlamar Cup La Nueva Conferry 1st"]
[Site "Porlamar"]
[Date "2016.08.25"]
[Round "1.1"]
[White "Rondon Chacon, Rene Ibrahim"]
[Black "Villasmil Rios, Hildemaro Andres"]
[Result "1-0"]
[WhiteElo "2165"]
[BlackElo "1878"]
[PlyCount "97"]
[EventDate "2016.08.25"]
[EventType "swiss"]
[EventRounds "7"]
[EventCountry "VEN"]
[SourceTitle "EXT 2022"]
[Source "ChessBase"]
[SourceDate "2021.10.06"]
[SourceVersion "1"]
[SourceVersionDate "2021.10.06"]
[SourceQuality "1"]

1. d4 Nf6 2. Nf3 d5 3. c4 c6 4. g3 dxc4 5. Bg2 Bf5 6. 0-0 Be4 7. Nc3 Bd5 8. Re1 Ne4 9. Qc2 Nxc3 10. bxc3 Bxf3 11. exf3 e6 12. f4 Be7 13. f5 0-0 14. fxe6 Bd6 15. Be4 h6 16. exf7+ Rxf7 17. Qe2 Qf6 18. Bd2 Nd7 19. f3 Nb6 20. a4 a5 21. Rab1 Bc7 22. Rxb6 Bxb6 23. Qxc4 Kh8 24. Bd3 Bd8 25. Bf4 Re7 26. Re4 Ra7 27. Kg2 Rxe4 28. fxe4 Qf7 29. e5 Qxc4 30. Bxc4 Bc7 31. h4 b6 32. Kf3 Bd8 33. Ke4 g5 34. hxg5 hxg5 35. Be3 Kg7 36. Be6 Re7 37. Bc8 Rc7 38. Ba6 Kg6 39. c4 Ra7 40. d5 cxd5+ 41. cxd5 Rh7 42. Kf3 Rh1 43. d6 Rd1 44. Be2 Ra1 45. e6 Rxa4 46. Bd1 g4+ 47. Kf2 Ra2+ 48. Ke1 b5 49. Bh6 1-0

[Event "VEN-ch U18"]
[Site "San Antonio de los Altos"]
[Date "2016.04.04"]
[Round "7"]
[White "Villasmil Rios, Hildemaro Andres"]
[Black "Uzcategui Rodriguez, Alejandro"]
[Result "0-1"]
[WhiteElo "1991"]
[BlackElo "2135"]
[PlyCount "42"]
[EventDate "2016.04.01"]
[EventType "swiss"]
[EventRounds "7"]
[EventCountry "VEN"]
[SourceTitle "EXT 2018"]
[Source "ChessBase"]
[SourceDate "2017.10.13"]
[SourceVersion "1"]
[SourceVersionDate "2017.10.13"]
[SourceQuality "1"]

1. e4 e6 2. d4 d5 3. exd5 exd5 4. Qf3 Nc6 5. c3 Be6 6. Bd3 Qd7 7. h3 Bd6 8. Ne2 Nge7 9. Be3 0-0-0 10. b4 Bf5 11. Bxf5 Nxf5 12. 0-0 h5 13. Nf4 Bxf4 14. Bxf4 f6 15. a4 g5 16. Bh2 g4 17. hxg4 hxg4 18. Qf4 Qh7 19. f3 g3 20. Bxg3 Nxg3 21. Qxg3 Rdg8 0-1

[Event "Central America Carribean-ch U20"]
[Site "Porlamar"]
[Date "2015.08.28"]
[Round "9"]
[White "Meneses Hernandez, Jose Andres"]
[Black "Villasmil Rios, Hildemaro Andres"]
[Result "0-1"]
[WhiteElo "1466"]
[BlackElo "1889"]
[PlyCount "80"]
[EventDate "2015.08.22"]
[EventType "swiss"]
[EventRounds "9"]
[EventCountry "VEN"]
[SourceTitle "EXT 2018"]
[Source "ChessBase"]
[SourceDate "2017.10.13"]
[SourceVersion "1"]
[SourceVersionDate "2017.10.13"]
[SourceQuality "1"]

1. d4 Nf6 2. c4 g6 3. Nc3 d5 4. cxd5 Nxd5 5. e4 Nxc3 6. bxc3 Bg7 7. Bc4 c5 8. Be3 Nc6 9. Ne2 0-0 10. 0-0 Qc7 11. Qd2 Rd8 12. Bh6 cxd4 13. Bxg7 Kxg7 14. cxd4 Nxd4 15. Nxd4 Qxc4 16. Nf5+ Bxf5 17. Qb2+ Qd4 18. Qxd4+ Rxd4 19. exf5 gxf5 20. Rac1 Rd7 21. Rfe1 e6 22. h4 Rd2 23. Rc7 b6 24. Rxe6 Rxa2 25. Ree7 Rf8 26. Rxa7 Rxa7 27. Rxa7 Rb8 28. Kf1 b5 29. Ra2 Kg6 30. Rb2 Kh5 31. g3 Kg4 32. Rb3 f4 33. Ke2 f3+ 34. Ke3 f5 35. h5 Re8+ 36. Kd3 Re2 37. Rxb5 Rxf2 38. Rb7 Ra2 39. Rg7+ Kh3 40. Ke3 Kg2 0-1

[Event "Central America Carribean-ch U20"]
[Site "Porlamar"]
[Date "2015.08.24"]
[Round "5"]
[White "Villasmil Rios, Hildemaro Andres"]
[Black "Ramos Castro, Luis Alejandro"]
[Result "1/2-1/2"]
[WhiteElo "1889"]
[BlackElo "1563"]
[PlyCount "75"]
[EventDate "2015.08.22"]
[EventType "swiss"]
[EventRounds "9"]
[EventCountry "VEN"]
[SourceTitle "EXT 2018"]
[Source "ChessBase"]
[SourceDate "2017.10.13"]
[SourceVersion "1"]
[SourceVersionDate "2017.10.13"]
[SourceQuality "1"]

1. e4 c5 2. c3 Qa5 3. Nf3 e6 4. Be2 a6 5. 0-0 Nc6 6. d4 cxd4 7. cxd4 Nf6 8. Nc3 Be7 9. Be3 0-0 10. a3 Qc7 11. Rc1 Qb8 12. Bd3 b5 13. e5 Nd5 14. Nxd5 exd5 15. Qb3 Bb7 16. Qxd5 Nb4 17. Qb3 Bd5 18. Qd1 Nxd3 19. Qxd3 Qb7 20. Qf5 g6 21. Qh3 Bxf3 22. Qxf3 Qxf3 23. gxf3 Rfc8 24. a4 Kg7 25. d5 Bd8 26. Bd4 Kf8 27. f4 f6 28. Bc5+ Kf7 29. Rc3 Ba5 30. b4 Bb6 31. e6+ dxe6 32. dxe6+ Ke8 33. Rfc1 Bxc5 34. Rxc5 Rxc5 35. Rxc5 bxa4 36. Ra5 Ke7 37. Rxa4 Kxe6 38. Kg2 1/2-1/2

[Event "Porlamar Chavez Memorial"]
[Site "Porlamar"]
[Date "2015.01.09"]
[Round "1"]
[White "Villasmil Rios, Hildemaro Andres"]
[Black "Molina Sumoza, Jesus Alberto"]
[Result "0-1"]
[WhiteElo "1841"]
[BlackElo "2231"]
[PlyCount "37"]
[EventDate "2015.01.08"]
[EventType "swiss"]
[EventRounds "5"]
[EventCountry "VEN"]
[SourceTitle "CBM 164 Extra"]
[Source "ChessBase"]
[SourceDate "2015.03.02"]
[SourceVersion "1"]
[SourceVersionDate "2015.03.02"]
[SourceQuality "1"]

1. e4 c5 2. c3 Nf6 3. e5 Nd5 4. d4 cxd4 5. cxd4 d6 6. Nf3 Nc6 7. Bb5 Qa5+ 8. Nc3 Nxc3 9. Bxc6+ bxc6 10. bxc3 Qxc3+ 11. Bd2 Qd3 12. Rc1 Qe4+ 13. Be3 Ba6 14. Qb3 e6 15. exd6 Bxd6 16. Kd2 0-0 17. Ng5 Bb4+ 18. Kd1 Qxg2 19. Kc2 0-1

[Event "Porlamar FVA 3rd"]
[Site "Porlamar"]
[Date "2014.04.06"]
[Round "7.8"]
[White "Yepez Moreno, Catherine Celeste"]
[Black "Villasmil Rios, Hildemaro Andres"]
[Result "0-1"]
[WhiteElo "1517"]
[BlackElo "1815"]
[PlyCount "40"]
[EventDate "2014.04.04"]
[EventType "swiss"]
[EventRounds "7"]
[EventCountry "VEN"]
[SourceTitle "EXT 2022"]
[Source "ChessBase"]
[SourceDate "2021.10.06"]
[SourceVersion "1"]
[SourceVersionDate "2021.10.06"]
[SourceQuality "1"]

1. e4 e5 2. Nf3 Nc6 3. Bc4 Bc5 4. c3 Bb6 5. d3 Nf6 6. Bb3 d6 7. h3 Be6 8. Bc2 h6 9. Be3 Qd7 10. Nbd2 Ne7 11. Qe2 Ng6 12. Nf1 Qe7 13. Ng3 Nh7 14. 0-0 Nh4 15. d4 Nxf3+ 16. Qxf3 a6 17. Nf5 Qf6 18. Ba4+ Bd7 19. Bxd7+ Kxd7 20. Qh5 g6 0-1

[Event "Porlamar FVA 3rd"]
[Site "Porlamar"]
[Date "2014.04.05"]
[Round "3.6"]
[White "Villasmil Rios, Hildemaro Andres"]
[Black "Vargas, Rigoberto"]
[Result "0-1"]
[WhiteElo "1815"]
[BlackElo "1967"]
[PlyCount "54"]
[EventDate "2014.04.04"]
[EventType "swiss"]
[EventRounds "7"]
[EventCountry "VEN"]
[SourceTitle "EXT 2022"]
[Source "ChessBase"]
[SourceDate "2021.10.06"]
[SourceVersion "1"]
[SourceVersionDate "2021.10.06"]
[SourceQuality "1"]

1. e4 c5 2. c3 Nf6 3. d3 Nc6 4. Nf3 g6 5. Be2 Bg7 6. Be3 d6 7. 0-0 0-0 8. Qd2 Ng4 9. Na3 Nxe3 10. fxe3 Rb8 11. d4 Bg4 12. Nc2 b5 13. Rad1 Qb6 14. Kh1 b4 15. Rb1 bxc3 16. bxc3 Qxb1 17. Rxb1 Rxb1+ 18. Ng1 Bxe2 19. Qxe2 Rfb8 20. h3 Rc1 21. Kh2 Rb2 22. Qa6 Rcxc2 23. Qc8+ Bf8 24. Nf3 Rxg2+ 25. Kh1 Rgf2 26. Qg4 Rf1+ 27. Ng1 Rbb1 0-1